Statistics for Flags of Island Countries in the Caribbean

Click here to take the quiz!

General Stats

  • This quiz has been taken 24 times
  • The average score is 12 of 13

Answer Stats

Answer% Correct
Cuba
100%
Jamaica
100%
Antigua & Barbuda
95%
Bahamas
95%
Barbados
95%
Dominican Republic
95%
Haiti
95%
Trinidad & Tobago
95%
St. Lucia
91%
Dominica
86%
Grenada
86%
St. Vincent and the Grenadines
86%
St. Kitts & Nevis
77%

Score Distribution

Percentile by Number Answered

Percent of People with Each Score

Your Score History

You have not taken this quiz